|
|
|
|
| LEADER |
00985nam a2200253 a 4500 |
| 001 |
11982591 |
| 008 |
090819s2001 enka b 001 0 eng d |
| 010 |
|
|
|a 00032734
|
| 020 |
|
|
|a 0582290864 (PPR)
|
| 040 |
|
|
|a DLC
|c DLC
|d DLC
|
| 082 |
0 |
0 |
|a 418/.0071
|2 21
|
| 100 |
1 |
|
|a Johnson, Keith,
|d 1944-
|
| 245 |
1 |
3 |
|a An introduction to foreign language learning and teaching /
|c Keith Johnson.
|
| 260 |
|
|
|a Harlow, Essex, London ;
|a New York :
|b Longman,
|c 2001.
|
| 300 |
|
|
|a ix, 336 p. :
|b ill. ;
|c 24 cm.
|
| 490 |
0 |
|
|a Learning about language
|
| 504 |
|
|
|a Includes bibliographical references (p. 315-327) and index.
|
| 541 |
1 |
|
|e 00013379
|
| 650 |
|
0 |
|a Language and languages
|x Study and teaching.
|
| 650 |
|
0 |
|a Language acquisition.
|
| 852 |
4 |
|
|a Ayesha Abed Library
|j General Shelf.
|
| 942 |
0 |
0 |
|0 1
|
| 999 |
|
|
|c 3463
|d 3463
|
| 952 |
|
|
|0 0
|1 0
|2 ddc
|4 0
|6 418_007100000000000_JOH
|7 0
|9 3143
|a BRACUL
|b BRACUL
|c GEN
|d 2009-09-01
|g 2170.00
|l 5
|m 46
|o 418.0071 JOH
|p 3010013379
|r 2017-07-27
|s 2017-03-30
|t 1
|w 2009-09-01
|y BK
|